Kvalitná príprava Partnerskej dohody SR s Európskou komisiou je kľúčom k úspechu v efektívnosti využívania eurofondov

Pozičný dokument Európskej komisie voči Slovensku o budúcom programovom období (2014-2020). Tematické ciele a priority pri využívaní eurofondov na Slovensku. Hodnotenie metodickej a procesnej stránky implementácie eurofondov na Slovensku zo strany EK. Metodická príprava Slovenska na nové programové...

Descrizione completa

Salvato in:
Dettagli Bibliografici
Autore principale: Palko, František, 1972-
Natura: Capitolo di libro
Lingua:slovacco
Soggetti:
Tags: Aggiungi Tag
Nessun Tag, puoi essere il primo ad aggiungerne!!

MARC

LEADER 00000naa a2200000 4500
001 0262981
005 20240502074158.3
041 0 |a slo 
044 |a SK 
245 1 0 |a Kvalitná príprava Partnerskej dohody SR s Európskou komisiou je kľúčom k úspechu v efektívnosti využívania eurofondov  |c František Palko 
520 |a Pozičný dokument Európskej komisie voči Slovensku o budúcom programovom období (2014-2020). Tematické ciele a priority pri využívaní eurofondov na Slovensku. Hodnotenie metodickej a procesnej stránky implementácie eurofondov na Slovensku zo strany EK. Metodická príprava Slovenska na nové programové obdobie (2014-2020). 
610 2 0 |a dohody medzinárodné 
610 2 0 |a spolupráca hospodárska medzinárodná 
610 2 0 |a financovanie 
610 2 0 |a fondy Európskej únie 
100 1 |a Palko, František, 1972-